000 00603nam a2200205Ia 4500
005 20250508151107.0
008 008 250505s9999 xx 000 0 eng d
037 _aTextual
040 _aFEDL
_beng
_cFEDL
041 _aeng
_2eng
084 _a155.2, BLU
_qFEDL
100 _aBlum Gerald S.
_986111
245 0 _aPsychoanalytic theories of personality
260 _aNew York, USA
_bMcGraw Hill Book Company
_c1953
300 _axviii,219p
490 _aMcGraw - Hill publications in psychology
650 _aPersonality
942 _cTEXL
_h155.2, BLU
999 _c1327552
_d1327552